|
|
|
|
| LEADER |
00923nam a2200217 u 4500 |
| 001 |
10114443 |
| 003 |
upatras |
| 005 |
20220124141949.0 |
| 008 |
141110s1946 gr 1 gre |
| 952 |
|
|
|0 0
|1 0
|2 ddc
|4 0
|6 823_912000000000000_HUX
|7 0
|9 207283
|a LISP
|b LISP
|c BSC
|d 2016-11-10
|i 088498
|l 0
|o 823.912 HUX
|p 025000151298
|r 2016-11-10 00:00:00
|t 1
|w 2016-11-10
|y BK15
|
| 999 |
|
|
|c 126036
|d 126036
|
| 040 |
|
|
|a GR-PaULI
|c GR-PaULI
|b gre
|
| 041 |
0 |
|
|a gre
|h eng
|
| 082 |
0 |
4 |
|a 823.912
|
| 100 |
|
|
|9 110448
|a Huxley, Aldous,
|d 1894-1963
|e συγγραφέας
|
| 245 |
1 |
0 |
|a Μετά τά πυροτεχνήματα :
|b μυθιστόρημα /
|c μετάφραση Μ. Κρανάκη
|c
|
| 260 |
|
|
|a Αθήναι :
|b Οι Φίλοι του Βιβλίου,
|c 1946
|
| 300 |
|
|
|a 167 σ. :
|c 17 εκ.
|
| 700 |
|
|
|a Κρανάκη, Μιμίκα Ι.,
|d 1920-2008
|e μεταφράστρια
|9 55333
|
| 942 |
|
|
|2 ddc
|c BK15
|
| 998 |
|
|
|c ΜΠΟΥΡΑΣ
|d 2016-11
|